[Busto en mármol de D. Vicente López] (Record no. 85827)

MARC details
000 -LEADER
campo de control de longitud fija 01688nkc a22003017a 4500
001 - NÚMERO DE CONTROL
campo de control 85827
005 - FECHA Y HORA DE LA ÚLTIMA TRANSACCIÓN
campo de control 20260429094707.0
007 - CAMPO FIJO DE DESCRIPCIÓN FÍSICA--INFORMACIÓN GENERAL
campo de control de longitud fija kh bo
008 - DATOS DE LONGITUD FIJA--INFORMACIÓN GENERAL
campo de control de longitud fija 260421s18901900sp ||||| |||| 00| 0 spa d
040 ## - FUENTE DE CATALOGACIÓN
Centro catalogador/agencia de origen M-RABA
Lengua de catalogación spa
Centro/agencia transcriptor M-RABA
100 1# - ENTRADA PRINCIPAL--NOMBRE DE PERSONA
Nombre de persona Hauser y Menet
9 (RLIN) 17939
245 11 - MENCIÓN DEL TÍTULO
Título [Busto en mármol de D. Vicente López]
Mención de responsabilidad, etc. / Hauser y Menet
Medio [Material gráfico]
260 ## - PUBLICACIÓN, DISTRIBUCIÓN, ETC.
Lugar de publicación, distribución, etc. : Madrid
Nombre del editor, distribuidor, etc. : Hauser y Menet
Fecha de publicación, distribución, etc. [1890-1900]
300 ## - DESCRIPCIÓN FÍSICA
Extensión 2 fotografías
Otras características físicas : Fototipia
Dimensiones ; 27,5 x 19 cm
500 00 - NOTA GENERAL
Nota general Dos fototipias del busto de D. Vicente López, realizado por D. José Piquer realizado en 1874. Dicho busto fue donado a la Real Academia de Bellas Artes de San Fernando en 1876 por su nieto Vicente López y Terrén. (Nº de inventario: E-30).
500 00 - NOTA GENERAL
Nota general Nota mecanografiada en el pie de la imagen: "Fototipia de Hauser y Menet. Madrid. D. Vicente López. Busto de mármol por D. José Piquer. Real Academia de San Fernando".
500 00 - NOTA GENERAL
Nota general Fecha tomada del periodo activo de Hauser y Menet.
600 17 - PUNTO DE ACCESO ADICIONAL DE MATERIA--NOMBRE DE PERSONA
Nombre de persona López, Vicente (
Fechas asociadas al nombre 1772-1850)
9 (RLIN) 19128
600 17 - PUNTO DE ACCESO ADICIONAL DE MATERIA--NOMBRE DE PERSONA
Nombre de persona Piquer y Duart, José
9 (RLIN) 22981
610 24 - PUNTO DE ACCESO ADICIONAL DE MATERIA--NOMBRE DE ENTIDAD CORPORATIVA
Nombre de entidad corporativa o nombre de jurisdicción como elemento de entrada Real Academia de Bellas Artes de San Fernando.
9 (RLIN) 75832
651 #7 - PUNTO DE ACCESO ADICIONAL DE MATERIA--NOMBRE GEOGRÁFICO
Nombre geográfico Madrid (Comunidad Autónoma)
Fuente del encabezamiento o término embne
9 (RLIN) 75223
655 #7 - TERMINO DE INDIZACIÓN--GENERO/FORMA
Datos o término principal de género/forma Fotografías de obras de arte
9 (RLIN) 75675
710 2# - ENTRADA AGREGADA--NOMBRE DE ENTIDAD CORPORATIVA
Nombre de entidad corporativa o nombre de jurisdicción como elemento de entrada Hauser y Menet (Madrid)
9 (RLIN) 50978
852 ## - LOCALIZACIÓN
Número de control de estantería Fot-727; Fot-728
856 ## - LOCALIZACIÓN Y ACCESO ELECTRÓNICOS
Identificador Uniforme de Recurso <a href="https://archivoybiblioteca.realacademiabellasartessanfernando.com/cgi-bin/koha/opac-retrieve-file.pl?id=15c6d15e74802a8b347299a1291ea2d6">https://archivoybiblioteca.realacademiabellasartessanfernando.com/cgi-bin/koha/opac-retrieve-file.pl?id=15c6d15e74802a8b347299a1291ea2d6</a>
Texto de enlace Fot-727
856 ## - LOCALIZACIÓN Y ACCESO ELECTRÓNICOS
Identificador Uniforme de Recurso <a href="https://archivoybiblioteca.realacademiabellasartessanfernando.com/cgi-bin/koha/opac-retrieve-file.pl?id=9f17c6a9214cadf7e64c6d2f60aa4a54">https://archivoybiblioteca.realacademiabellasartessanfernando.com/cgi-bin/koha/opac-retrieve-file.pl?id=9f17c6a9214cadf7e64c6d2f60aa4a54</a>
Texto de enlace Fot-728
942 ## - ELEMENTOS DE ENTRADA SECUNDARIOS (KOHA)
Tipo de ítem Koha Fotografías
Suprimir en OPAC No
Holdings
Estatus retirado Estado de pérdida Fuente de la clasificación o esquema de estantería Estado de daño No para préstamo Colección Biblioteca de origen Biblioteca actual Ubicación en estantería Fecha de adquisición Total de préstamos Signatura topográfica completa Código de barras Visto por última vez Precio de reemplazo Tipo de ítem Koha
    Clasificación Decimal Dewey     Fotografía Real Academia de la Bellas Artes de San Fernando Real Academia de la Bellas Artes de San Fernando Depósito 2 21/04/2026   Fot-727 1097050 21/04/2026 21/04/2026 Fotografías
    Clasificación Decimal Dewey     Fotografía Real Academia de la Bellas Artes de San Fernando Real Academia de la Bellas Artes de San Fernando Depósito 2 21/04/2026   Fot-728 1097051 21/04/2026 21/04/2026 Fotografías

Powered by Koha